00386 2200157 4500245004300000020002200043250000900065100002200074650001600096005001900112260004200131041001400173084001100187300002100198336000900219 aMy Rising SuncJuliana MarshellahText a978-602-03-0882-1 a2014 aJuliana Marshella aNovel Fiksi a20240904124422 aJakartabGramedia Pustaka Utamac2014 aIndonesia a808.83 a232 hlm :c20 cm atext